Documento expedido en 1615 (Record no. 5013)

MARC details
000 -CABECERA
campo de control de longitud fija 01388nam a2200313 a 4500
001 - NÚMERO DE CONTROL
campo de control BRCA_5319
005 - FECHA Y HORA DE LA ÚLTIMA TRANSACCIÓN
campo de control 20190320205029.0
008 - DATOS DE LONGITUD FIJA--INFORMACIÓN GENERAL
campo de control de longitud fija 031210s1615----mx-######v---#000-0#spa-#
041 ## - CÓDIGO DE LENGUA
Código de lengua del texto/banda sonora o título independiente spa
044 ## - CÓDIGO DEL PAÍS DE LA ENTIDAD EDITORA/PRODUCTORA
Código MARC del país mx
084 ## - OTRO NÚMERO DE CLASIFICACIÓN
Número de clasificación DOC148a
Número de documento/Ítem .G84
-- 1615
100 1# - ENTRADA PRINCIPAL--NOMBRE DE PERSONA
Nombre de persona Guerrero, Francisco
9 (RLIN) 13641
245 10 - MENCIÓN DE TÍTULO
Título Documento expedido en 1615
Mención de responsabilidad, etc. Francisco Guerrero y Domingo Prieto.
260 ## - PUBLICACIÓN, DISTRIBUCIÓN, ETC.
Lugar de publicación, distribución, etc. México
Fecha de publicación, distribución, etc. 1615
300 ## - DESCRIPCIÓN FÍSICA
Extensión [9] fojas
Dimensiones 31 x 22 cm
500 ## - NOTA GENERAL
Nota general Documento firmado el 6 de agosto de 1615
500 ## - NOTA GENERAL
Nota general Testimonio de escritura de transación de diez, y siete sitios de estancia y seis caballerias de tierra en la jurisdición de la Villa de los Valles, en Jumave, y en Palmillas, que se otorgo entre Francisco Guerrero y Domingo Prieto
500 ## - NOTA GENERAL
Nota general Papel con marca de agua
500 ## - NOTA GENERAL
Nota general Al margen tiene la leyenda: Numero 21. Año de 1615
500 ## - NOTA GENERAL
Nota general El documento contiene varias firmas
500 ## - NOTA GENERAL
Nota general Estado de conservación: contiene mancha de acido, márgenes maltratados
506 0# - NOTA DE RESTRICCIONES AL ACCESO
Limitaciones de acceso Fondo Reservado. Para su consulta es necesario credencial de usuario y carta de motivos
546 ## - NOTA DE LENGUA/LENGUAJE
Nota de lengua/lenguaje Texto en: español de principios del siglo XVII
600 14 - PUNTO DE ACCESO ADICIONAL DE MATERIA--NOMBRE DE PERSONA
Nombre de persona Guerrero, Francisco
9 (RLIN) 13641
650 14 - PUNTO DE ACCESO ADICIONAL DE MATERIA--TÉRMINO DE MATERIA
Término de materia o nombre geográfico como elemento de entrada Documentos legales
Término indicativo de función/relación Escritura de traspaso
Subdivisión de forma Manuscrito
Subdivisión general Historia
Subdivisión cronológica Colonia, 1521-1821
Subdivisión geográfica México
9 (RLIN) 13642
700 1# - PUNTO DE ACCESO ADICIONAL--NOMBRE DE PERSONA
Nombre de persona Prieto, Domingo
9 (RLIN) 13643
902 ## - CATALOGADOR
Iniciales FDH
942 ## - ELEMENTOS DE PUNTO DE ACCESO ADICIONAL (KOHA)
Fuente del sistema de clasificación o colocación Library of Congress Classification
Tipo de ítem Koha Documentos
Holdings
Estado de retiro Estado de pérdida Estado dañado No para préstamo Localización permanente Ubicación/localización actual Fecha de adquisición Total de préstamos Signatura topográfica completa Código de barras Fecha visto por última vez Precio válido a partir de Tipo de ítem Koha
El ejemplar forma parte de la colección y puede ser consultado según las políticas vigentes.       Biblioteca del Museo Franz Mayer (Rogerio Casas-Alatriste) Biblioteca del Museo Franz Mayer (Rogerio Casas-Alatriste) 03/12/2010   DOC148a .G84 1615 5754 22/03/2019 22/03/2019 Documentos